| 000 | 00429nam a2200157Ia 4500 | ||
|---|---|---|---|
| 008 | 230312s9999||||xx |||||||||||||| ||und|| | ||
| 020 | _a978-81-317-1560 | ||
| 082 |
_a658 _bROB-M |
||
| 100 | _aRobbins Stephen.P | ||
| 245 | 0 | _aManagement | |
| 260 |
_bPearson _aUSA _c2004 |
||
| 300 | _a738 | ||
| 546 | _aEng. | ||
| 650 |
_aManagement _vIntroduction To Management and Organizations2-Management yesterday and Today 26 |
||
| 942 | _cBK | ||
| 999 |
_c3603 _d3603 |
||